Language Identifier - Extreme - Statistics

General Stats
  • This quiz has been taken 6 times
  • The average score is 12 of 20
Answer Stats
The quick fox jumps over the lazy brown dog. Starts With Language % Correct
Sissik wakri arrahumali burraacin kutih amol kaqita. A Afar
100%
Die vinnige jakkals spring oor die lui bruin hond. A Afrikaans
100%
Dhelpra e shpejtë kërcen mbi qenin e murrmë përtac. A Albanian
100%
ፈጣን ቀበሮው ሰነፍ ቡናማ ውሻውን ይዘላል። A Amharic
100%
तेज लोमड़ी आलसी भूरे कुत्ते के ऊपर से कूद जात है। A Awadhi
100%
Rubah sane gelis punika makecog nglintangin asu barak sane males punika. B Balinese
100%
Бързата лисица прескача мързеливото кафяво куче. B Bulgarian
100%
敏捷的狐狸跳過了懶惰的棕色狗。 C/M Chinese | Mandarin
100%
A volpe rapida salta sopra u cane marrone pigru. C Corsican
100%
Brza lisica preskače lijenog smeđeg psa. C Croatian
100%
Rychlá liška přeskočí líného hnědého psa. C Czech
100%
.އަވަސް ކުއްތާ ފުންމާލަނީ ލަސް މުށިކުލައިގެ ބުޅަލުގެ މައްޗަށެވެ D/M Dhivehi | Maldivian
100%
མགྱོགས་དྲགས་ཅན་གྱི་བྱི་ལི་འདི་གིས་ རོ་ཁྱི་རྒྱ་སྨུག་འདི་གུ་ལས་མཆོངམ་ཨིན། D Dzongkha
100%
Le renard rapide saute par-dessus le chien brun paresseux. F French
100%
Fowru yaawndu ina diwa e dow puccu ɓaleejo laasɗo. F Fulani
100%
Renar rapid la sote sou chen mawon parese a. H Haitian
100%
तेज़ लोमड़ी आलसी भूरे कुत्ते के ऊपर से कूद जाती है। H Hindi
100%
ᑎᕆᒐᓂᐊᖅ ᓱᒃᑲᔪᖅ ᕿᒻᒥᖅ ᑲᔪᒃ ᖄᖓᒍᑦ. I Inuktut | Inuktitut
100%
Шапшаң түлкі жалқау қоңыр иттің үстінен секіріп өтеді. K Kazakh
100%
Регыдъя лиса котӧртӧ ляпкыдик гӧрд пон вылӧ. K Komi
100%
재빠른 여우가 게으른 갈색 개를 뛰어넘는다. K Korean
100%
Vulpes celer super pigrum canem fuscum transilit. L Latin
100%
Ātrā lapsa pārlec pāri slinkajam brūnajam sunim. L Latvian
100%
Greita lapė peršoka tingų rudą šunį. L Lithuanian
100%
Rubah cepat melompat di atas kongkong coklat malasa. M Makassar
100%
Musang yang pantas melompat ke atas anjing coklat yang malas itu. M Malay
100%
വേഗതയേറിയ കുറുക്കൻ മടിയനായ തവിട്ടുനിറത്തിലുള്ള നായയുടെ മുകളിലൂടെ ചാടുന്നു. M Malayalam
100%
Хурдан үнэг залхуу бор нохой дээгүүр үсрэв. M Mongolian
100%
လျင်မြန်သော မြေခွေးသည် ပျင်းရိသော အညိုရောင်ခွေးကို ခုန်ကျော်သည်။ M/B Myanmar | Burmese
100%
Den raske reven hopper over den late brune hunden. N Norwegian
100%
A raposa ágil salta sobre o cão castanho preguiçoso. P Portuguese
100%
O sigo ruv ushtel upral o kovlo parno śero. R Romani
100%
द्रुतशृगालः आलस्यं श्यामकुक्कुरस्य उपरि कूर्दति। S Sanskrit
100%
Gava rinokasira rinosvetukira pamusoro pembwa ine usimbe yebrown. S Shona
100%
ⵓⵛⵛⴻⵏ ⵙ ⵍⴻⵎⵖⴰⵡⵍⴰ ⵢⴻⵜⵜⵏⴻⴳⴳⵉⵣ ⵖⴻⴼ ⵓⵇⵊⵓⵏ ⴰⵇⴰⵀⵡⵉ ⵏ ⵜⵎⴻⵥⵥⵓⵖⵜ. T/A Tamazight | Amazight
100%
చురుకైన నక్క సోమరి గోధుమ రంగు కుక్క మీదుగా దూకుతుంది. T Telugu
100%
สุนัขจิ้งจอกที่ว่องไว กระโดดข้ามสุนัขสีน้ำตาลที่ขี้เกียจ T Thai
100%
ཝ་མོ་མྱུར་པོ་དེ་སྒྱིད་ལུག་གི་ཁྱི་རྒྱ་མུག་དེའི་སྟེང་ནས་མཆོངས་བ་རེད། T Tibetan
100%
Phokoje e e bofefo e tlola ntša e e borokwa e e botshwakga. T Tswana
100%
Швидка лисиця перестрибує через лінивого бурого собаку. U Ukrainian
100%
Ła volpe svelta ła salta sora el can maron pigro. V Venetian
100%
Con cáo nhanh nhẹn nhảy qua con chó nâu lười biếng. V Vietnamese
100%
.דער שנעלער פוקס שפרינגט איבער דעם פוילן ברוינעם הונט Y Yiddish
100%
Рӯбоҳи тез аз болои саги қаҳваранги танбал ҷаҳида мегузарад. T Tajik
67%
快狐狸跳過懶洋洋嘅啡色狗。 C Cantonese
50%
Di quick fox jump ova di lazy brown dog. J Jamaican Patois
50%
Rubah sing cepet mlumpat ing ndhuwur asu coklat sing kesed. J Javanese
50%
Dreizuo vardive lēc puori slynkajam bryunajam suņam. L Latgalian
50%
Den snabba räven hoppar över den lata bruna hunden. S Swedish
50%
Impungushe esheshayo igxuma phezu kwenja ensundu evilaphayo. Z Zulu
50%
Абгалас илас агәы каҳуа аашьа иахыԥоит. A Abkhaz
0%
Rubah bagah nyan ji plueng ateuh asèe coklat nyang malas. A Acehnese
0%
Ler ma ki lwongo ni quick fox ongweco i kom gwok ma lamar ma lamar ni. A Acholi
0%
Fox ma nyap nyap ucungo iwi gwok macol ma jamutoro. A Alur
0%
.يقفز الثعلب السريع فوق الكلب البني الكسول A Arabic
0%
Արագաշարժ աղվեսը ցատկում է ծույլ շագանակագույն շան վրայով։ A Armenian
0%
দ্ৰুত শিয়ালে এলেহুৱা বাদামী কুকুৰটোৰ ওপৰেৰে জপিয়াই পৰে। A Assamese
0%
Хехаб гьве кӀвахӀалав хъахӀаб гьвеялда тӀад кӀанцӀула. A Avar
0%
Jank’ak zorrox q’añu ch’uxña anunak patxaruw jaltawayxi. A Aymara
0%
Cəld tülkü tənbəl qəhvəyi itin üstündən tullanır. A Azerbaijani
0%
تیزیں لومڑی سستیں بھوری کتا ئے سرا کود جنت۔ B Balochi
0%
Ntori teliyalen bɛ pan wulu bulama lafiyabali kan. B Bambara
0%
Fox m’ɔ ti ndɛndɛ’n, ɔ tu sin alua ufue ng’ɔ ti sɛsɛfuɛ’n i su. B Baoulé
0%
Йылғыр төлкө ялҡау көрән эттең өҫтөнән һикерә. B Bashkir
0%
Azeri azkarrak txakur marroi alferren gainetik salto egiten du. B Basque
0%
Rubah si pedas e lompat ku datas biang coklat si malas e. B Batak Karo
0%
Rubah na podas ai manlumpat hun atas anjing coklat na malas ai. B Batak Simalungun
0%
Hatop do musang i mangalompat sian biang na malas na marrara i. B Batak Toba
0%
Хуткая лісіца пераскоквае праз лянівага карычневага сабаку. B Belarusian
0%
Icipupu icayanguka cipuuka pa mbwa ya ciswa iya bufuba. B Bemba
0%
দ্রুতগামী শিয়ালটি অলস বাদামী কুকুরটির উপর দিয়ে লাফ দেয়। B Bengali
0%
Rubah cepat melompat di atas anjing coklat pemalas. B Betawi
0%
तेज लोमड़ी आलसी भूरा कुकुर पर कूद जाले। B Bhojpuri
0%
An marikas na sora naglukso sa ibabaw kan tamad na kayumanggi na ayam. B Bikol
0%
Brza lisica preskače preko lijenog smeđeg psa. B Bosnian
0%
Lamm a ra al louarn buan a-us d'ar c'hi gell lezirek. B Breton
0%
Түргэн үнэгэн залхуу боро нохой дээгүүр харайна. B Buryat
0%
La guineu veloç salta per sobre del gos marró mandrós. C Catalan
0%
Ang dali nga milo milukso ibabaw sa tapulan nga brown nga iro. C Cebuano
0%
I åpaka' na sora ha laknos gui' gi hilo' i asu ni' åpaka'. C Chamorro
0%
Сихха жӀаьла сонтачу Ӏаьржачу жӀаьлина тӀехула кхоссало. C Chechen
0%
Nkhandwe yachangu inadumphira pa galu wa bulauni waulesi. C Chichewa
0%
Ewe fox mi mwitir a suki ewe asam mi brown. C Chuukese
0%
Хӑвӑрт тилӗ юлхав хӑмӑр йытӑ урлӑ сиксе каҫать. C Chuvash
0%
Tez tilki tenbel qaverenki köpekniñ üstünden sekirip keçe. C Crimean Tatar
0%
Den hurtige ræv hopper over den dovne brune hund. D Danish
0%
.روباه سریع روی سگ قهوه ای تنبل میپرد D/P Dari | Persian
0%
Fox ye lac lɔ nhial në jöŋ ɣer nhom. D Dinka
0%
जल्दी लोमड़ी आलसी भूरे कुत्ते पर कूददी ऐ। D Dogri
0%
Mubwa uufwambaana ulasotokela mubwa mubala wamubala uutete. D Dombe
0%
De snelle vos springt over de luie bruine hond heen. D Dutch
0%
Wulu teliman be pan wulu nɛrɛmuguman saliyatɔ kan. D Dyula
0%
The quick fox jumps over the lazy brown dog. E English
0%
La rapida vulpo saltas super la mallaborema bruna hundo. E Esperanto
0%
Kiire rebane hüppab üle laisa pruuni koera. E Estonian
0%
Akpɔkplɔ si zɔna kabakaba la ti kpo to avu ɣi kuviatɔ la dzi. E Ewe
0%
Tann skjóti revurin hoppar yvir tann dovna brúna hundin. F Faroese
0%
Na fox totolo e ciciva na koli karakarawa vucesa. F Fijian
0%
Lumulundag ang mabilis na soro sa ibabaw ng tamad na kayumangging aso. F Filipino
0%
Nopea kettu hyppää laiskan ruskean koiran yli. F Finnish
0%
Jɛxísa e nɔ yawu é lɔn gbɔn cukú kɔ́nɔ fɔnlínnɔ ɔ jí. F Fon
0%
De rappe foks springt oer de luie brune hûn. F Frisian
0%
La volpe svelte e salte parsore dal cjan maron pigr. F Friulian
0%
Fok ni yɔɔ oya lɛ hoɔ gbee ni ji blɔfo ni yɔɔ ŋmɔlɔŋmɔlɔ lɛ nɔ. G Ga
0%
O raposo veloz salta por riba do can marrón preguiceiro. G Galician
0%
სწრაფი მელა ზარმაც ყავისფერ ძაღლს გადაახტება. G Georgian
0%
Der flinke Fuchs springt über den faulen braunen Hund. G German
0%
Η γρήγορη αλεπού πηδάει πάνω από το τεμπέλικο καφέ σκυλί. G Greek
0%
Pe zorro pya’e otyryry pe jagua morotĩ ipererĩva ári. G Guarani
0%
ઝડપી શિયાળ આળસુ ભૂરા કૂતરા પર કૂદી પડે છે. G Gujarati
0%
A rangmi vom cu a rian a ttuan lomi uico sen cungah a zuang. H Hakha Chin
0%
Dila mai sauri ta yi tsalle ta kan karen mai launin ruwan kasa mara laka. H Hausa
0%
Lele ka ʻalopeke wikiwiki ma luna o ka ʻīlio palaualelo ʻeleʻele. H Hawai'ian
0%
.השועל המהיר קופץ מעל הכלב החום העצלן H Hebrew
0%
Ang madasig nga fox nagalukso sa ibabaw sang matamad nga brown nga ido. H Hiligaynon
0%
Tus hma liab dhia nrawm hla tus aub xim av tub nkeeg. H Hmong
0%
A fürge róka átugrik a lusta barna kutya felett. H Hungarian
0%
Te xnël fuchs xpringt iwer te faul braune hunt. H Hunsrik
0%
Musang ti jampat nya terejun atas ukui burak ti malas nya. I Iban
0%
Hraðskreiði refurinn hoppar yfir lata brúna hundinn. I Icelandic
0%
Nkịta ọhịa dị ngwa na-awụlikwa elu n'elu nkịta aja aja dị umengwụ. I Igbo
0%
Lumagto ti napartak a sora iti rabaw ti natamad a kayumanggi nga aso. I Ilocano
0%
Rubah yang gesit melompati anjing cokelat yang malas. I Indonesian
0%
Léimeann an sionnach tapaidh thar an madra donn leisciúil. I Irish
0%
La volpe veloce salta sopra il cane marrone pigro. I Italian
0%
素早いキツネが、怠惰な茶色の犬を飛び越える。 J Japanese
0%
Lawan ai hkanghkyi gaw, n-gun kya ai hpraw ai gwi a ntsa de hprawng mat wa ai. J Jingpo
0%
Teriarsuup sukkasuumik qimmip qasersup qasersup qaangerlugu pissangavoq. K/G Kalaallisut | Greenlandic
0%
ವೇಗದ ನರಿ ಸೋಮಾರಿಯಾದ ಕಂದು ನಾಯಿಯ ಮೇಲೆ ಹಾರುತ್ತದೆ. K Kannada
0%
Fox duwayedə kəla kəri brown lazybedən təmbarəna. K Kanuri
0%
Ing mabilis a sora linundag ya keng matamad a asu. K Kapampangan
0%
U bsein uba stet u jngi halor u kulai rong saw uba lait. K Khasi
0%
កញ្ជ្រោង​លឿន​លោត​ពីលើ​ឆ្កែ​ពណ៌ត្នោត​ខ្ជិល។ K Khmer
0%
Ekicuncu ky’ahonaaho nikiguruka aha mbwa y’omushema eya kitaka. K Kiga
0%
Nsusu ya nswalu ke pumbuka na zulu ya mbwa ya mbwaki ya bumolo. K Kikongo | Kongo
0%
Imbwebwe yihuta isimbukira hejuru y'imbwa y'umunebwe y'umukara. K Kinyarwanda
0%
Renard ya nswalu ke pumbuka na zulu ya mbwa ya mbwaki ya bumolo. K Kituba
0%
Kwplaisa fox brown dog ni sakao tháng kha. K Kokborok
0%
बेगीन कोलो आळशी तपकिरी सुण्याचेर उडी मारता. K Konkani
0%
Di kwik fɔks de jomp oba di les brawn dɔg. K Krio
0%
Rovî yê bilez li ser kûçikê qehweyî yê tembel diqelişe. K Kurdish
0%
Чабуулчу түлкү жалкоо күрөң иттин үстүнөн секирип өтөт. K Kyrgyz
0%
ໝາຈອກທີ່ວ່ອງໄວໂດດຂ້າມໝາສີນ້ຳຕານທີ່ຂີ້ຄ້ານ. L Lao
0%
A varva spedia a se sciorte in sciô can brun pigro. L Ligurian
0%
De snelle vos springt euver de lui, broene hónd. L Limburgish
0%
Nkoi ya mbangu apumbwaka likoló ya mbwa ya langi ya motane oyo ezali paresseux. L Lingala
0%
La volp svelta la salta sora el can marun pigr. L Lombard
0%
Empeewo ey’amangu ebuuka ku mbwa ya kitaka omugayaavu. L Luganda
0%
Fox mapiyo piyo ng’ado e wi guok ma brown ma ng’iyo. L Luo
0%
De séiere Fuuss sprängt iwwer den faulen brongen Hond. L Luxembourgish
0%
Брзата лисица скока преку мрзливото кафеаво куче. M Macedonian
0%
Rubah sè ghâncang alonca' è attas ajam celleng sè males. M Madurese
0%
तेज लोमड़ी आलसी भूरा कुकुर पर कूदि जाइत अछि । M Maithili
0%
Mitsambikina eo ambonin'ilay alika volontany kamo ilay amboahaolo haingam-pandeha. M Malagasy
0%
Il-volpi veloċi taqbeż fuq il-kelb kannella għażżien. M Maltese
0%
A zorro n-chi tzaj t-xo´n tib´aj tx´i´ t-xaq t-xaq. M Mam
0%
Ta'n fox quick lesh y cow brune leah. M Manx
0%
Ka peke te pokiha tere ki runga i te kurī parauri mangere. M Maori
0%
चपळ कोल्हा आळशी तपकिरी कुत्र्यावरून उडी मारतो. M Marathi
0%
Писын рывыж ласка кӱрен пий ӱмбач тӧршта. M Mari | Meadow Mari
0%
Fox eo emōkaj ej ettōr ioon kidu eo emera. M Marshallese
0%
तेज लोमड़ी आलसी भूरे कुत्ते माथै कूद जावै है। M Marwadi
0%
Renard rapid sot lor lisien maron pares. M Mauritian
0%
ꯊꯨꯅꯥ ꯌꯥꯡꯅꯥ ꯆꯦꯜꯂꯤꯕꯥ ꯐꯣꯛꯁ ꯑꯗꯨꯅꯥ ꯂꯦꯃꯍꯧꯔꯤꯕꯥ ꯑꯉꯧꯕꯥ ꯀꯨꯠꯇꯥ ꯂꯥꯟꯊꯣꯀꯏ꯫ M Meitei | Manipuri
0%
Musang nan copek tu malompek-lompek di ateh anjiang coklat nan pamaleh tu. M Minang
0%
Fox rang tak chuan ui dum rilru hah tak chungah chuan a zuang thla ta a. M Mizo
0%
Nopa tzopilotl tlen nimantsi motlaloua ipan nopa chichi chichiltik tlen amo tlalnamiki. N Nahuatl
0%
Mapere anokurumidza anosvetuka pamusoro pembwa ine usimbe yebrown. N Ndau
0%
Impungushe ekhawulezayo igxuma phezu kwenja ensundu evilaphayo. N/S Ndebele | Southern Ndebele
0%
छिटो फ्याउरो अल्छी खैरो कुकुरमाथि हाम फाल्छ। N Nepali
0%
याकनं न्यासि वनीम्ह ध्वं अल्सिम्ह सियुम्ह खिचाया च्वय् तिंन्हुइ । N Newar | Nepal Bhasa
0%
ߢߌߣߊ ߟߞߊߟߌߡߊ߲ ߓߋ߫ ߔߊ߲ ߥߟߎ ߛߟߊߓߜ߭ߊߟߋ߲ ߞߊ߲߬. N NKo
0%
Kä thɔ̱l in pɛ̈th cuɛ rɔ yuɔr wi̱i̱ thɔ̱l mi̱ bo̱r mi̱ /thiɛl ŋäc ŋɔaani̱. N Nuer
0%
Lo rainal rapid sauta al dessús del can brun mandra. O Occitan
0%
ଦ୍ରୁତ ଶୃଗାଳଟି ଅଳସୁଆ ମାଟିଆ କୁକୁର ଉପରେ ଡେଇଁ ପଡ଼ୁଛି। O Odia
0%
Sareen saffisaan saree dadhaboo bunni itti makame sana irra utaalti. O Oromo
0%
Тагъд рувас æдзæллаг бур саджы сæрты гæпп кæны. O Ossetian
0%
Say maples ya sora et linmukso ed tapew na matamoy ya aso ya kolor kapes. P Pangasinan
0%
E zorro lihé ta bula riba e kachó maron floho. P Papiamento
0%
.ګړندی ګیدړ د سست نسواري سپي پر سر ټوپ وهي P Pashto
0%
.روباه چابک از روی سگ قهوه‌ای تنبل می‌پرد P Persian
0%
Szybki lis przeskakuje nad leniwym brązowym psem. P Polish
0%
تیز لومڑی سست بھورے کتے دے اتے چھال ماردی اے۔ P Punjabi
0%
Li tzo’ xul li seeb’ xseeb’al naxkut rib’ sa’ xb’een li tz’i’ q’eq xsa’. Q Q'eqchi'
0%
Utqaylla atuqqa qilla q’illu allqupa hawanman saltan. Q Quechua
0%
Vulpea rapidă sare peste câinele leneș maro. R Romanian
0%
Imbwebwe yihuta isimbira hejuru y’imbwa y’umunebwe y’inzobe. R Rundi
0%
Быстрая лиса перепрыгивает через ленивую коричневую собаку. R Russian
0%
Jođánit rieban gahččá dan latnja ruškes beatnaga badjel. S/N Sami | Northern Sami
0%
E osooso le alope vave i luga o le maile enaena paie. S Samoan
0%
Renard ni ayeke kpe hio na ndo ti nyama ti brun ti paresseux ni. S Sango
0%
ᱩᱥᱟᱹᱨᱟ ᱛᱩᱭᱩ ᱫᱚ ᱟᱹᱲᱤᱥ ᱵᱽᱨᱟᱣᱱ ᱥᱮᱛᱟ ᱪᱮᱛᱟᱱ ᱨᱮ ᱫᱚᱱ ᱮᱱᱟᱭ ᱾ S Santali
0%
Leumaidh an sionnach luath thairis air a’ chù donn leisg. S Scots Gaelic
0%
Phokojwe ya ka pela e tlola godimo ga mpša ye sootho ya go tšwafa. S Sepedi
0%
Брза лисица прескаче преко лењог смеђег пса. S Serbian
0%
Phokojoe e potlakileng e tlola ntja e botsoa e sootho. S Sesotho | Sotho
0%
Sa renar vit i sot lo sa lisyen maron pares. S Seychellois
0%
ၵႂၢႆးဝႆးၼၼ်ႉ ဝႅၼ်ပူၼ်ႉ မႃသီၶဵဝ် ဢၼ်မဝ်မၢင်ၼၼ်ႉ။ S Shan
0%
La vurpi viloci salta supra lu cani marroni pigru. S Sicilian
0%
Gibki lis przeskoczo przez leniwego brōnotnego psa. S Silesian
0%
.تيز لومڙ سست ڀوري ڪتي مٿان ٽپو ڏئي ٿو S Sindhi
0%
කඩිසර නරියා කම්මැලි දුඹුරු බල්ලා උඩින් පනිනවා. S Sinhala
0%
Rýchla líška preskočí lenivého hnedého psa. S Slovak
0%
Hitra lisica skoči čez lenobnega rjavega psa. S Slovenian
0%
Dawaca degdega ah ayaa ka booday eeyga buniga ah ee caajiska ah. S Somali
0%
El veloz zorro salta por encima del perezoso perro marrón. S Spanish
0%
Ajag nu gancang luncat ngaliwatan anjing coklat nu males. S Sundanese
0%
Xuruse mafuraxi a tugan ma xuruse gbeeli fari. S Susu
0%
Mbweha mwepesi anaruka juu ya mbwa mvivu wa kahawia. S Swahili
0%
Lemphungushe lesheshako igcuma ngetulu kwenja lensundvu levilaphako. S Swazi | Swati
0%
E horo oioi te soa i nia i te fanau'a re'are'a. T Tahitian
0%
சுறுசுறுப்பான நரி சோம்பேறியான பழுப்பு நிற நாயின் மீது தாவுகிறது. T Tamil
0%
Җитез төлке ялкау көрән эт өстеннән сикереп төшә. T Tatar
0%
Raposa ne'ebé lalais halai liu asu kór-kafé ne'ebé laran-makerek. T Tetum
0%
እቲ ቅልጡፍ ሓርገጽ ኣብ ልዕሊ እቲ ሰነፍ ቡናዊ ከልቢ ይዘልል። T Tigrinya
0%
Fox u a lu fele fele la gba sha aniwa u brown u a lu lazy la. T Tiv
0%
Kwik pukpuk i kalap antap long les braunpela dok. T Tok Pisin
0%
ʻOku puna ʻa e fox vave ʻi he kuli lanu engeenga paié. T Tongan
0%
Mbua wa lukasa udi utuluka pa mutu pa mbwa mutoke wa budinangi. T Tshiluba
0%
Mpfundla wa xihatla wu tlula mbyana ya buraweni leyi lolohaka. T Tsonga
0%
ತ್ವರಿತ ನರಿ ಸೋಮಾರಿ ಕಂದು ನಾಯಿದ ಮಿತ್ತ್ ಜಂಪ್ ಮಲ್ಪುಂಡು. T Tulu
0%
Kambwe wa luwiro wakujumphilira pa galu waulesi wa bulawuni. T Tumbuka
0%
Hızlı tilki tembel kahverengi köpeğin üzerinden atlar. T Turkish
0%
Çalt tilki ýalta goňur itiň üstünden bökýär. T Turkmen
0%
Дүрген дилги чалгаа хүрең ыттың кырынче сегирипкен. T Tuvan
0%
Ɔkraman a ɔyɛ ntɛm no huruw fa ɔkraman bruu a ɔyɛ ɔkwasea no so. T Twi
0%
Ӝог тылобурдо лябӟем тӧдьы пуны вылтӥ лобӟе. U Udmurt
0%
تیز لومڑی سست بھورے کتے پر چھلانگ لگاتی ہے۔ U Urdu
0%
.چاققان تۈلكە ھورۇن قوڭۇر ئىتنىڭ ئۈستىدىن سەكرەپ ئۆتتى U Uyghur
0%
Tezkor tulki dangasa jigarrang itning ustidan sakrab o'tadi. U Uzbek
0%
Mmbwa ya u ṱavhanya i fhufha kha mmbwa ya buraweni ya vhulenda. V Venda
0%
An madagmit nga sora nalukso ha bawbaw han tapulan nga brown nga ayam. W Waray
0%
Mae'r llwynog cyflym yn neidio dros y ci brown diog. W Welsh
0%
Renard bu gaaw bi dafa tëmb ci kaw xaj bu maron bu tàyyeel bi. W Wolof
0%
Impungutye ekhawulezayo itsiba phezu kwenja emdaka evilaphayo. X Xhosa
0%
Түргэн саһыл дьадаҥы бороҥ ыты үрдүнэн ыстанар. Y Yakut
0%
Kọlọkọlọ kíákíá náà fò lórí ajá aláwọ̀ dúdú náà. Y Yoruba
0%
Le zorro séeba'an ku puulkaba yóok'ol le peek'o' marrón perezoso. Y Yucatec Maya
0%
Zorro rápidu que ruxooñeʼ luguiáʼ ca bihui marrón perezoso que. Z Zapotec
0%
No matching quizzes found
Score Distribution
Percent of People with Each Score
Percentile by Number Answered
Your Score History
You have not taken this quiz